[Event "The Magnificent Seven"]
[Site "SchemingMind.com"]
[Date "2010.03.13"]
[Round "-"]
[White "David Hartley"]
[Black "Artur"]
[Result "0-1"]
[WhiteCountry "ENG"]
[BlackCountry "POL"]
[WhiteElo "1775"]
[WhiteRD "60"]
[BlackElo "1823"]
[BlackRD "88"]
[GameID "241920"]

1. e4 e5 2. Nf3 Nf6 3. Nxe5 d6 4. Nf3 Nxe4 5. d3 Nf6 6. Be2 Be7 7. O-O O-O 8. Nc3 Nc6 9. Re1 b6 10. Be3 Bb7
11. Nd4 Ne5 12. Nf3 Ng6 13. a3 c5 14. h3 d5 15. d4 c4 16. b3 cxb3 17. cxb3 Rc8 18. Qd2 Ne4 19. Nxe4 dxe4 20. Nh2 Rc7
21. Qb2 Qd7 22. Rec1 Rfc8 23. Rxc7 Rxc7 24. Rc1 Rxc1+ 25. Qxc1 Bf6 26. Ng4 Bh4 27. Bc4 b5 28. Be2 f5 29. Ne5 Nxe5 30. dxe5 a6
31. Bc5 Qc7 32. Qc3 Be7 33. b4 Bxc5 34. bxc5 Kf7 35. Qd4 Ke6 36. Qd6+ Qxd6 37. exd6 Bc8 38. g4 f4 39. g5 Kd5 40. Bg4 Bxg4
41. hxg4 Kc6 42. Kf1 f3
0-1

[Event "The Magnificent Seven"]
[Site "SchemingMind.com"]
[Date "2010.03.14"]
[Round "-"]
[White "Clive Everill"]
[Black "Artur"]
[Result "0-1"]
[WhiteCountry "CZE"]
[BlackCountry "POL"]
[WhiteElo "1694"]
[WhiteRD "50"]
[BlackElo "1810"]
[BlackRD "90"]
[GameID "241921"]

1. e4 e5 2. Nc3 Nf6 3. f4 d5 4. fxe5 Nxe4 5. Qf3 Nc6 6. Bb5 Nxc3 7. dxc3 Bc5 8. Qg3 g6 9. Bh6 Bd7 10. O-O-O Ne7
11. Bd3 Nf5 12. Bxf5 Bxf5 13. Bg7 Rg8 14. Bf6 Qd7 15. Nf3 c6 16. Ng5 h6 17. Nf3 Be7 18. Rhe1 O-O-O 19. Bxe7 Qxe7 20. Nd4 Be6
21. Nxe6 Qxe6 22. Qe3 b6 23. Qxh6 Rh8 24. Qf4 Rh5 25. g4 Rh4 26. Rg1 Rdh8 27. Rd2 R8h5 28. Qf6 Qxf6 29. exf6 Re5 30. g5 Rh5
31. Rdg2 Kd7 32. Kd2 Ke6 33. Kd3 Rh3+ 34. Kd2 c5 35. a3 b5 36. Re1 Rxe1 37. Kxe1 Re3+ 38. Kd2 Re4 39. b3 Kf5 40. Kd3 Rg4
41. Re2 Kxg5 42. Re7 Kxf6 43. Rxa7 c4+ 44. bxc4 dxc4+ 45. Kd2 Rg2+ 46. Kc1 Rxh2 47. Ra5 Rh5 48. a4 bxa4 49. Rxa4 Rh4 50. Kb2 Kg5
51. Ra5+ f5 52. Rd5 Re4 53. Ka3 Kf4 54. Kb4 g5 55. Rd4 g4 56. Kxc4 g3
0-1

[Event "The Magnificent Seven"]
[Site "SchemingMind.com"]
[Date "2010.03.14"]
[Round "-"]
[White "Arno Aartsen"]
[Black "Artur"]
[Result "0-1"]
[WhiteCountry "NED"]
[BlackCountry "POL"]
[WhiteElo "1427"]
[WhiteRD "105"]
[BlackElo "1828"]
[BlackRD "93"]
[GameID "241922"]

1. d4 d5 2. Nf3 Nf6 3. Nc3 g6 4. g3 Bg7 5. e3 O-O 6. Bg2 Bf5 7. O-O c6 8. Nh4 Bg4 9. f3 Be6 10. Ne2 g5
11. Qe1 gxh4 12. g4 h6 13. Qxh4 Nh7 14. Nf4 Ng5 15. Nxe6 Nxe6 16. Bd2 Nd7 17. Rad1 Re8 18. Bh3 Ndf8 19. Rde1 Ng6 20. Qg3 Ng5
21. Bg2 e5 22. c3 exd4 23. exd4 Qb6 24. b4 Qa6 25. Ra1 Qd3 26. Rad1 Qc2 27. a3 Re2 28. Bxg5 hxg5 29. Rc1 Qd2 30. Rfd1 Qe3+
31. Kh1 Nf4 32. Bf1 Rf2 33. Re1 Qxf3+ 34. Qxf3 Rxf3 35. Rc2 Ne6 36. Bg2 Rf6 37. h3 Bf8 38. Re5 Bd6 39. Re3 Bf4 40. Rf3 Nc7
41. Re2 Re8 42. Ref2 Rfe6 43. Bf1 Re3 44. Kg2 Rxf3 45. Rxf3 Re3 46. Rxe3 Bxe3 47. Kf3 Bc1 48. a4 Bb2 49. Ke3 Bxc3 50. b5 cxb5
51. axb5 Ne6 52. Bg2 Bxd4+ 53. Kd2 Nf4 54. Bf1 Kg7 55. Kc2 Kf6 56. Bd3 Nxd3 57. Kxd3 Ke5 58. Ke2 Kf4 59. Kd3 Bc5 60. Kc3 Kg3
61. Kb3 Kxh3
0-1

[Event "The Magnificent Seven"]
[Site "SchemingMind.com"]
[Date "2010.03.13"]
[Round "-"]
[White "petrus"]
[Black "Artur"]
[Result "1-0"]
[WhiteCountry "BEL"]
[BlackCountry "POL"]
[WhiteElo "1832"]
[WhiteRD "94"]
[BlackElo "1819"]
[BlackRD "96"]
[GameID "241923"]

1. d4 d5 2. e3 Nf6 3. Bd3 c5 4. c3 c4 5. Bc2 b5 6. Nd2 Nc6 7. e4 e6 8. e5 Nd7 9. Nh3 f6 10. f4 f5
11. O-O Ne7 12. Kh1 Ng6 13. Qh5 Be7 14. Nf3 Nf8 15. g4 fxg4 16. Qxg4 Bd7 17. Rg1 Kf7 18. Nfg5+ Kg8 19. Be3 Bxg5 20. Nxg5 Qe7
21. Bd2 h6 22. Nf3 Be8 23. Rg2 h5 24. Qh3 Qf7 25. Rag1 a5 26. Bxg6 Nxg6 27. Rxg6 Rh7 28. Rf6 Qe7 29. Rxe6 Qd7 30. Ng5 Rh6
31. Rxh6 gxh6 32. Ne4+ Kh8 33. Qxd7 Bxd7 34. Nf6 Be8 35. Rg8#
1-0

[Event "The Magnificent Seven"]
[Site "SchemingMind.com"]
[Date "2010.03.13"]
[Round "-"]
[White "lame wolf"]
[Black "XTC"]
[Result "0-1"]
[WhiteCountry "INT"]
[BlackCountry "COL"]
[WhiteElo "1116"]
[WhiteRD "51"]
[BlackElo "1857"]
[BlackRD "56"]
[GameID "241937"]

1. c4 e5 2. e3 d6 3. d3 Be7 4. Nc3 Nf6 5. e4 O-O 6. Be3 Bd7 7. g3 c5 8. Bg2 Nc6 9. Nge2 Nd4 10. Nxd4 cxd4
11. Bxd4 exd4 12. Nd5 Nxd5 13. exd5 Qa5+ 14. Qd2 Qxd2+ 15. Kxd2 b5 16. b3 Bd8 17. f4 Re8 18. Bf1 Ba5+ 19. Kc2 bxc4 20. dxc4 Bf5+
21. Bd3 Re2+ 22. Kd1 Rd2+
0-1

[Event "The Magnificent Seven"]
[Site "SchemingMind.com"]
[Date "2010.03.14"]
[Round "-"]
[White "lame wolf"]
[Black "David Hartley"]
[Result "0-1"]
[WhiteCountry "INT"]
[BlackCountry "ENG"]
[WhiteElo "1116"]
[WhiteRD "51"]
[BlackElo "1845"]
[BlackRD "65"]
[GameID "241938"]

1. Nf3 d5 2. g3 Nf6 3. Bg2 c6 4. d4 Bf5 5. O-O e6 6. Bg5 Be7 7. Bxf6 Bxf6 8. Nc3 Nd7 9. b4 Nb6 10. b5 Nc4
11. a4 O-O 12. Nd2 Bxd4
0-1

[Event "The Magnificent Seven"]
[Site "SchemingMind.com"]
[Date "2010.03.13"]
[Round "-"]
[White "lame wolf"]
[Black "Clive Everill"]
[Result "0-1"]
[WhiteCountry "INT"]
[BlackCountry "CZE"]
[WhiteElo "1116"]
[WhiteRD "51"]
[BlackElo "1682"]
[BlackRD "50"]
[GameID "241939"]

1. Nf3 d5 2. d4 Nf6 3. e3 c5 4. Bb5+ Nc6 5. Bxc6+ bxc6 6. O-O Bg4 7. Nbd2 e6 8. b3 cxd4 9. exd4 c5 10. Qe1 cxd4
11. Nxd4 Bc5 12. c3 Qb6 13. b4 Bxd4 14. cxd4 Qxd4 15. Nb3 Qc4 16. f3 Bf5 17. Rf2 O-O 18. Na5 Qd4 19. Be3 Qd3 20. Qd2 Qa6
21. a3 Rfc8 22. Bc5 Nd7 23. g4 Bg6 24. Rc1 Ne5 25. Rc3 Rd8 26. Bd4 Nc4 27. Nxc4 dxc4 28. h3 e5 29. Qd3 Bxd3
0-1

[Event "The Magnificent Seven"]
[Site "SchemingMind.com"]
[Date "2010.03.14"]
[Round "-"]
[White "lame wolf"]
[Black "Arno Aartsen"]
[Result "0-1"]
[WhiteCountry "INT"]
[BlackCountry "NED"]
[WhiteElo "1116"]
[WhiteRD "51"]
[BlackElo "1481"]
[BlackRD "100"]
[GameID "241940"]

1. c4 e5 2. e3 c5 3. Nc3 Nf6 4. Qc2 Nc6 5. g3 d6 6. Bg2 Bd7 7. Bd5 Nxd5 8. e4 Nf6 9. d3 Nd4 10. Qd1 Qa5
11. Bd2 Qc7 12. Nd5 Nxd5
0-1

[Event "The Magnificent Seven"]
[Site "SchemingMind.com"]
[Date "2010.03.13"]
[Round "-"]
[White "lame wolf"]
[Black "Artur"]
[Result "0-1"]
[WhiteCountry "INT"]
[BlackCountry "POL"]
[WhiteElo "1038"]
[WhiteRD "60"]
[BlackElo "1819"]
[BlackRD "96"]
[GameID "241941"]

1. c4 e5 2. d4 exd4 3. Qxd4 Nc6 4. Qd1 Nf6 5. e3 Bb4+ 6. Bd2 Bxd2+ 7. Nxd2 d6 8. Ngf3 O-O 9. Be2 Be6 10. O-O Re8
11. b3 Nd7 12. e4 Qf6 13. Bd3 Nc5 14. a3 Nxd3 15. Qe2 Nf4 16. Qe1 Bh3 17. Qe3 Bxg2
0-1

[Event "The Magnificent Seven"]
[Site "SchemingMind.com"]
[Date "2010.03.13"]
[Round "-"]
[White "lame wolf"]
[Black "petrus"]
[Result "0-1"]
[WhiteCountry "INT"]
[BlackCountry "BEL"]
[WhiteElo "1116"]
[WhiteRD "51"]
[BlackElo "1700"]
[BlackRD "106"]
[GameID "241942"]

1. c4 e5 2. d4 exd4 3. Qxd4 Nc6 4. Qd1 Bc5 5. e3 b6 6. g3 Bb7 7. Bg2 Nf6 8. f3 Qe7 9. Nd2 Qxe3+ 10. Qe2 Nb4
11. Nb3 Nc2+ 12. Kd1 Qxe2+ 13. Nxe2 Nxa1
0-1

[Event "The Magnificent Seven"]
[Site "SchemingMind.com"]
[Date "2010.03.13"]
[Round "-"]
[White "XTC"]
[Black "lame wolf"]
[Result "1-0"]
[WhiteCountry "COL"]
[BlackCountry "INT"]
[WhiteElo "1857"]
[WhiteRD "56"]
[BlackElo "1116"]
[BlackRD "51"]
[GameID "241943"]

1. d4 b5 2. e4 b4 3. a4 a5 4. Bd3 Bb7 5. Be3 e6 6. Nf3 d5 7. Nbd2 Ba6 8. Bxa6 Nxa6 9. Ne5 f6 10. Qh5+ g6
11. Nxg6 Bg7 12. Nxh8+ Kd7 13. Qxh7 Qe7 14. exd5 Nh6 15. dxe6+ Kxe6 16. Qe4+ Kd7 17. Qxa8 Qd6 18. Nc4
1-0

[Event "The Magnificent Seven"]
[Site "SchemingMind.com"]
[Date "2010.03.14"]
[Round "-"]
[White "Arno Aartsen"]
[Black "lame wolf"]
[Result "1-0"]
[WhiteCountry "NED"]
[BlackCountry "INT"]
[WhiteElo "1481"]
[WhiteRD "100"]
[BlackElo "1116"]
[BlackRD "51"]
[GameID "241946"]

1. d4 b5 2. b4 Bb7 3. Nc3 a6 4. e3 e6 5. Nf3 d5 6. a3 Be7 7. Bd3 Qd7 8. Ne5 Qc8 9. Qf3 f6 10. Ng4 f5
11. Ne5
1-0

[Event "The Magnificent Seven"]
[Site "SchemingMind.com"]
[Date "2010.03.13"]
[Round "-"]
[White "Artur"]
[Black "lame wolf"]
[Result "1-0"]
[WhiteCountry "POL"]
[BlackCountry "INT"]
[WhiteElo "1819"]
[WhiteRD "96"]
[BlackElo "1038"]
[BlackRD "60"]
[GameID "241947"]

1. e4 e5 2. Nf3 d6 3. Bc4 Qe7 4. Nc3 Be6 5. Bxe6 Qxe6 6. d3 Qc8 7. O-O Nf6 8. Bg5 Be7 9. Bxf6 Bxf6 10. Nd5 Nd7
11. Nd2 O-O 12. Qg4 Nb6 13. Nxf6+ Kh8 14. Qxc8 Raxc8 15. Nh5 d5 16. f4 dxe4 17. Nxe4 f6 18. f5 Nd5 19. Rf3 c6 20. Rg3
1-0

[Event "The Magnificent Seven"]
[Site "SchemingMind.com"]
[Date "2010.03.13"]
[Round "-"]
[White "petrus"]
[Black "lame wolf"]
[Result "1-0"]
[WhiteCountry "BEL"]
[BlackCountry "INT"]
[WhiteElo "1700"]
[WhiteRD "106"]
[BlackElo "1116"]
[BlackRD "51"]
[GameID "241948"]

1. d4 b5 2. e4 a6 3. Be2 d5 4. Bf3 dxe4 5. Bxe4 Ra7 6. Be3 c6 7. Ne2 b4 8. c3 a5 9. O-O Ba6 10. Re1 e6
11. Qc2 Qc8 12. Nd2 Bxe2 13. Rxe2 Bd6 14. d5 c5 15. dxe6 Qxe6 16. Bxc5 Ne7 17. Bc6+
1-0